All Mario Kart Games - Statistics

General Stats
  • This quiz has been taken 11 times
  • The average score is 10 of 14
Answer Stats
Hint Answer % Correct
2011 Mario Kart 7
100%
2014 Mario Kart 8
100%
2017 Mario Kart 8 Deluxe
100%
2008 Mario Kart WII
100%
2003 Mario Kart Double Dash
86%
2005 Mario Kart DS
86%
1992 Super Mario Kart
86%
1996 Mario Kart 64
71%
2019 Mario Kart Tour
71%
2001 Mario Kart Super Circuit
57%
2005 Mario Kart Arcade GP
29%
2007 Mario Kart Arcade GP 2
29%
2013 Mario Kart Arcade GP DX
29%
2020 Mario Kart Live Home Circuit
29%
No matching quizzes found
Score Distribution
Percent of People with Each Score
Percentile by Number Answered
Your Score History
You have not taken this quiz